| 000 | 00881nam a22002297a 4500 | ||
|---|---|---|---|
| 008 | 081212t xxu||||| |||| 00| 0 eng d | ||
| 010 | _aENG-92157 | ||
| 020 |
_a9788183986311 _c115.00 |
||
| 035 | _aEN-75690 | ||
| 037 | _bDBAD / PUB | ||
| 040 |
_adpl _bEnglish |
||
| 082 | _a574 | ||
| 100 | _aGupta, M.K. | ||
| 245 |
_aPragati's text book of remedial biology: _cby M.K. Gupta _b(according to latest syllabus of B.Pharm first semester students of U.P. Technical University, Lucknow) / |
||
| 260 |
_aMeerut _bPragati Prakashan _c2009 |
||
| 270 |
_a240, W.K. Road, _bMeerut _e250001 |
||
| 300 |
_aviii, 168p.: _c23cm (pbk) _bill. |
||
| 500 | _aIncludes index | ||
| 650 | _aBiology | ||
| 942 |
_2ddc _cEN _mGUP _h574 |
||
| 999 |
_c19743 _d19743 |
||